| 000 | 00830nam a22002537a 4500 | ||
|---|---|---|---|
| 003 | OSt | ||
| 005 | 20231004100340.0 | ||
| 008 | 221006b |||||||| |||| 00| 0 eng d | ||
| 040 | _cLado V | ||
| 082 |
_a707 _bP855g |
||
| 100 |
_91139 _aPosas, Eva _eeditora _eidea |
||
| 245 | _aGaceta Móvil/ | ||
| 260 |
_bAlumnos 47 móvil _c2017 _aMéxico |
||
| 300 |
_c26x38cm _a22p. |
||
| 366 | _espa | ||
| 490 |
_a5 _v17 |
||
| 650 |
_2Tesauro de Arte & Arquitectura _aARTE _9703 |
||
| 650 |
_2Tesauro de Arte & Arquitectura _aPROYECTO _9702 |
||
| 650 |
_2Tesauro de Arte & Arquitectura _aEDUCACIÓN _9703 |
||
| 650 |
_2Tesauro de Arte & Arquitectura _aDIBUJO _9703 |
||
| 650 |
_2Tesauro de Arte & Arquitectura _aPINTURA |
||
| 650 |
_2Tesauro de Arte & Arquitectura _aFOTOGRAFIA _9702 |
||
| 942 |
_2ddc _c1 _h707 _iP855g _n0 |
||
| 999 |
_c4444 _d4444 |
||